000 00783nam a22001577a 4500
003 OSt
005 20150918085736.0
008 150918b xxu||||| |||| 00| 0 eng d
040 _cRUA
082 _aAGR YOU 2005 B031 Or.1
100 _9718
_aYOU, NGORNSEANG.
245 _aEffectiveness of different liquid fertilizers on chinese kale in the crop station at the royal univercity of agriculture ប្រសិទ្ធភាពប្រភេទជីទឹកផ្សេងៗគ្នាលើដំណាំខាត់ណាដើមនៅស្ថានីយ៍ពិសោធន៍ដំណាំនៃសាកលវិទ្យាល័យភូមិន្ទកសិកម្ម
260 _aPhnom Penh
_bRUA
_c2005
300 _axi; 48p.
_bill.
_c29cm.
942 _2ddc
_cAGR
999 _c692
_d692